| 000 | 01205nam a2200253 i 4500 | ||
|---|---|---|---|
| 001 | 163554 | ||
| 003 | ES-MaACL | ||
| 005 | 20250906063132.0 | ||
| 008 | 951113s1876 sp |||| | spa d | ||
| 040 |
_aAS _bspa _cCCPB | SIC |
||
| 080 | _a342.365(460.18) | ||
| 080 | _a34(460)"10/14" | ||
| 100 | 1 |
_aRíos y Ríos, Ángel de los, _d1823-1899 _9162043 |
|
| 245 | 1 | 0 |
_aNoticia histórica de las behetrías, primitivas libertades castellanas _b: con una disgresión sobre su posterior y también anticuada forma de Fueros Vascongados / _cpor Ángel de los Ríos y Ríos. |
| 260 |
_aMadrid : _b[s.n.], _c1876 ( _fImp. y Fundición de la Viuda e hijos de J.A. García) |
||
| 300 |
_a161 p. ; _c23 cm. |
||
| 530 | _aDisponible en formato digital. | ||
| 650 | 4 |
_aBehetrías- _zCastilla (Reino) _9146745 |
|
| 650 | 0 | 4 |
_aFueros- _zCastilla (Reino) _912990 |
| 852 |
_aES-MaACL _jFol-Laf-376 _z- rust. _z. - Legado M. de la Fuente |
||
| 852 |
_aES-MaACL _jT-206-F-8 _z- enc. hol. _z. - Dedic. ms. del autor a la Biblioteca del Ateneo de Madrid _z- Enc. en un vol. facticio |
||
| 856 |
_uhttp://bdh-rd.bne.es/viewer.vm?id=0000083951&page=1 _zBiblioteca Digital Hispánica |
||
| 999 |
_c163554 _d163554 |
||